00417 2200181 4500245004900000020002200049250001000071100001700081700002900098650001600127650001000143005001900153260000900172041001400181084001200195300001900207336000900226 aRaksasa dari Ujung KuloncHeri SantosohText a978-602-437-505-8 acet.1 aHeri Santoso aShuhada Trinanda P, S.Pd aCerita Anak aEbook a20241107113014 c2018 aIndonesia a398.209 a79 hlm. :cPDF atext